000 00321nam a22001337a 4500
020 _a81-286-.346-9
082 _a823
_bEGM/C
100 _aEGMONT IMAGINATION
245 _aCHOTTA BIRBAL
_bTHE SANJEEVANI CURE
260 _aMUMBAI
_bEGMOBT IMAGINATION
300 _a24
650 _aENGLISH SHORT STORY
_zMUMBAI
942 _cBK
999 _c2688
_d2688